Reinforced concrete column tables : ultimate strength design.

Bibliographic Details
Main Author: Fenlon, Hugh F.
Format: Book
Language:English
Published: [Atlanta?], [publisher not identified] ; [1960]
Subjects:

MARC

Tag First Indicator Second Indicator Subfields
LEADER 00000cam a2200000 4500
001 in00000336239
005 20151011055047.0
008 750328s1960 gaua 00000 eng
010 |a  60023430  
035 |a (OCoLC)01243090 
035 |9 ABM2063AM 
040 |c CSU  |d TXA  |d UtOrBLW 
049 |a TXAM  |c [376752] 
050 0 0 |a TA445  |b .F26 
082 0 |a 620.137 
090 |a TA445  |b .F26 1960a 
100 1 |a Fenlon, Hugh F. 
245 1 0 |a Reinforced concrete column tables :  |b ultimate strength design. 
264 1 |a [Atlanta?],  |b [publisher not identified] ;  |c [1960] 
264 4 |c [©1960] 
300 |a 1 volume :  |b illustrations ;  |c 21 x 29 cm. 
336 |a text  |b txt  |2 rdacontent 
337 |a unmediated  |b n  |2 rdamedia 
338 |a volume  |b nc  |2 rdacarrier 
500 |a Distributed by F. W. Dodge Corp., New York. 
650 0 |a Reinforced concrete  |x Tables. 
650 0 |a Columns, Concrete. 
740 0 |a Column tables. 
999 |a MARS 
999 f f |s b649302a-e2ec-395c-9ad3-246d581d49ce  |i 37de0f69-758d-3ceb-bb3e-6b94de694373  |t 0 
952 f f |p ric  |a Texas A&M University  |b Rellis Campus  |c Joint Library Facility  |d Remote Storage  |t 0  |e TA445 .F26 1960a  |h Library of Congress classification  |i unmediated -- volume  |m A14805320737 
998 f f |a TA445 .F26 1960a  |t 0  |l Remote Storage